000 01422nam a2200349 i 4500
003 EG-GICUC
005 20260129014301.0
008 260129s2012 ua ||||fr|||| 00| 0 ara d
017 _a١٩٤٥٥ / ٢٠٠٣
020 _a977-17-1157 - I
040 _a EG-GICUC
_bara
_c EG-GICUC
_d EG-GICUC
_erda
041 0 _aara
082 0 4 _221
_a345.141
_bهـ ش . ن
092 0 4 _221
099 _aLaw1 07 345.141 هـ ش . ن 2012
100 0 _aهشام محمد البدري
_eمؤلف.
245 1 2 _aالنص الضريبي :
_bبين التفسير الإدارى والتفسير التشريعي /
_cالدكتور هشام محمد البدري.
264 1 _aالإسكندرية :
_bمنشأة المعارف،
_c2012.
300 _a254 ؛ صفحة
_c24 سم.
_bإيضاحيات، صور، مثيليات ؛
336 _2rda content
_atext
337 _2rda media
_aComputer
338 _2rda carrier
_aOnline Resource
504 _a252-241ببليوجرافيا: صفحات.
504 _aيشتمل على إرجاعات ببليوجرافية.
546 _aالنص أغلبه باللغة العربية مع بعض النصوص الفرنسية
650 1 4 _aالدستور والتشريع الإداري
_2qrmak
650 1 4 _aالقانون الإداري
_2qrmak
651 1 _2qrmak
856 4 0 _uhttps://fll.law.cu.edu.eg/fulltext/bks/B07-02654.pdf
905 _a77
942 _2ddc
_cBK
_e21
_n0
999 _c60031
_d60031